Movies Quiz

Random Movies Quiz

Movies by Poster Tagline (Pictures) Quiz Stats

Quiz not verified by Sporcle

Challenge
Share
Tweet
Score 0/9 Timer 05:00
0 Plays Today
Movie Title % Correct
Alien
76.4%
Braveheart
63.6%
Pearl Harbor
58.8%
Psycho
54.8%
Halloween
41.2%
12 Angry Men
20%
The Butterfly Effect
16.4%
Peter Pan
13.3%
Cold Mountain
6.1%

You're not logged in!

Compare scores with friends on all Sporcle quizzes.
Join for Free
OR
Log In

You Might Also Like...

Show Comments

Extras

Top Quizzes Today


Score Distribution

Your Account Isn't Verified!

In order to create a playlist on Sporcle, you need to verify the email address you used during registration. Go to your Sporcle Settings to finish the process.

Report this User

Report this user for behavior that violates our Community Guidelines.

Details: